<?xml version="1.0" encoding="UTF-8"?>
<record
    xmlns:xsi="http://www.w3.org/2001/XMLSchema-instance"
    xsi:schemaLocation="http://www.loc.gov/MARC21/slim http://www.loc.gov/standards/marcxml/schema/MARC21slim.xsd"
    xmlns="http://www.loc.gov/MARC21/slim">

  <leader>01178nam0a22003011  4500</leader>
  <controlfield tag="001">v19\rc\1593460</controlfield>
  <controlfield tag="005">20250618215006.0</controlfield>
  <datafield tag="035" ind1=" " ind2=" ">
    <subfield code="a">(NLR Aleph) 004717429</subfield>
  </datafield>
  <datafield tag="090" ind1=" " ind2=" ">
    <subfield code="a">4285052</subfield>
    <subfield code="c">4285052</subfield>
  </datafield>
  <datafield tag="100" ind1=" " ind2=" ">
    <subfield code="a">20061002e18951895|||y0rusy50      ca</subfield>
  </datafield>
  <datafield tag="101" ind1="0" ind2=" ">
    <subfield code="a">rus</subfield>
  </datafield>
  <datafield tag="102" ind1=" " ind2=" ">
    <subfield code="a">RU</subfield>
  </datafield>
  <datafield tag="105" ind1=" " ind2=" ">
    <subfield code="a">y   z   |||||</subfield>
  </datafield>
  <datafield tag="200" ind1="1" ind2=" ">
    <subfield code="a">&#x41F;&#x43E; &#x432;&#x43E;&#x43F;&#x440;&#x43E;&#x441;&#x443; &#x43E; &#x431;&#x43E;&#x440;&#x44C;&#x431;&#x435; &#x441; "&#x434;&#x43E;&#x43C;&#x43E;&#x432;&#x44B;&#x43C; &#x433;&#x440;&#x438;&#x431;&#x43E;&#x43C;"</subfield>
  </datafield>
  <datafield tag="210" ind1=" " ind2=" ">
    <subfield code="a">[&#x421;&#x430;&#x43D;&#x43A;&#x442;-&#x41F;&#x435;&#x442;&#x435;&#x440;&#x431;&#x443;&#x440;&#x433;]</subfield>
    <subfield code="c">&#x442;&#x438;&#x43F;. &#x410;. &#x425;&#x43E;&#x43C;&#x441;&#x43A;&#x43E;&#x433;&#x43E; &#x438; &#x41A;&#xB0;</subfield>
    <subfield code="d">&#x446;&#x435;&#x43D;&#x437;. 1895</subfield>
  </datafield>
  <datafield tag="215" ind1=" " ind2=" ">
    <subfield code="a">8 &#x441;.</subfield>
    <subfield code="d">21</subfield>
  </datafield>
  <datafield tag="300" ind1=" " ind2=" ">
    <subfield code="a">&#x410;&#x432;&#x442;. &#x418;.&#x421;. &#x41A;&#x438;&#x442;&#x43D;&#x435;&#x440; &#x443;&#x43A;&#x430;&#x437;&#x430;&#x43D; &#x432; &#x43A;&#x43E;&#x43D;&#x446;&#x435; &#x442;&#x435;&#x43A;&#x441;&#x442;&#x430;</subfield>
  </datafield>
  <datafield tag="300" ind1=" " ind2=" ">
    <subfield code="a">&#x41D;&#x430;&#x43F;&#x435;&#x447;. &#x442;&#x430;&#x43A;&#x436;&#x435; &#x432;: &#x422;&#x440;&#x443;&#x434;&#x44B; II &#x441;&#x44A;&#x435;&#x437;&#x434;&#x430; &#x440;&#x443;&#x441;&#x441;&#x43A;&#x438;&#x445; &#x437;&#x43E;&#x434;&#x447;&#x438;&#x445;. &#x41C;., 1899, &#x441;. 37-49</subfield>
  </datafield>
  <datafield tag="309" ind1=" " ind2=" ">
    <subfield code="a">&#x411;&#x435;&#x437; &#x442;&#x438;&#x442;. &#x43B;. &#x438; &#x43E;&#x431;&#x43B;.</subfield>
  </datafield>
  <datafield tag="311" ind1=" " ind2=" ">
    <subfield code="a">&#x41E;&#x442;&#x442;. &#x438;&#x437; &#x436;&#x443;&#x440;&#x43D;. "&#x417;&#x43E;&#x434;&#x447;&#x438;&#x439;" &#x437;&#x430; 1895 &#x433;.</subfield>
  </datafield>
  <datafield tag="488" ind1=" " ind2="0">
    <subfield code="1">2001#$a&#x417;&#x43E;&#x434;&#x447;&#x438;&#x439;$v1895</subfield>
    <subfield code="t">&#x417;&#x43E;&#x434;&#x447;&#x438;&#x439;</subfield>
  </datafield>
  <datafield tag="532" ind1="1" ind2="3">
    <subfield code="a">&#x41F;&#x43E; &#x432;&#x43E;&#x43F;&#x440;&#x43E;&#x441;&#x443; &#x43E; &#x431;&#x43E;&#x440;&#x44C;&#x431;&#x435; &#x441; &#x434;&#x43E;&#x43C;&#x43E;&#x432;&#x44B;&#x43C; &#x433;&#x440;&#x438;&#x431;&#x43E;&#x43C;</subfield>
  </datafield>
  <datafield tag="700" ind1=" " ind2="1">
    <subfield code="a">&#x41A;&#x438;&#x442;&#x43D;&#x435;&#x440;</subfield>
    <subfield code="b">&#x418;.&#x421;.</subfield>
    <subfield code="f">1839-</subfield>
    <subfield code="g">&#x418;&#x435;&#x440;&#x43E;&#x43D;&#x438;&#x43C; &#x421;&#x435;&#x432;&#x430;&#x441;&#x442;&#x44C;&#x44F;&#x43D;&#x43E;&#x432;&#x438;&#x447;</subfield>
  </datafield>
  <datafield tag="801" ind1=" " ind2="0">
    <subfield code="a">RU</subfield>
    <subfield code="b">NLR</subfield>
    <subfield code="g">psbo</subfield>
  </datafield>
  <datafield tag="801" ind1=" " ind2="1">
    <subfield code="a">RU</subfield>
    <subfield code="b">ProSoft-M</subfield>
    <subfield code="2">rusmarc</subfield>
  </datafield>
  <datafield tag="852" ind1=" " ind2=" ">
    <subfield code="a">NLR</subfield>
    <subfield code="j">18.275.6.337</subfield>
  </datafield>
  <datafield tag="942" ind1=" " ind2=" ">
    <subfield code="c">BOOK</subfield>
  </datafield>
  <datafield tag="980" ind1=" " ind2=" ">
    <subfield code="a">NB</subfield>
  </datafield>
  <datafield tag="995" ind1=" " ind2=" ">
    <subfield code="5">2013-10-26</subfield>
    <subfield code="b">NLR02</subfield>
    <subfield code="c">NLR02</subfield>
    <subfield code="e">RFS</subfield>
    <subfield code="f">4717429-10</subfield>
    <subfield code="k">18.275.6.337</subfield>
    <subfield code="o">0</subfield>
    <subfield code="r">BOOK</subfield>
    <subfield code="s">182756337_</subfield>
  </datafield>
</record>
